When crime pays : (Record no. 82954)
[ view plain ]
| 000 -LEADER | |
|---|---|
| fixed length control field | 01370nam a22003377a 4500 |
| 003 - CONTROL NUMBER IDENTIFIER | |
| control field | OSt |
| 005 - DATE AND TIME OF LATEST TRANSACTION | |
| control field | 20240621143138.0 |
| 008 - FIXED-LENGTH DATA ELEMENTS--GENERAL INFORMATION | |
| fixed length control field | 240619b |||||||| |||| 00| 0 eng d |
| 020 ## - INTERNATIONAL STANDARD BOOK NUMBER | |
| International Standard Book Number | 9789353023430 |
| 040 ## - CATALOGING SOURCE | |
| Transcribing agency | STCPL |
| 041 ## - LANGUAGE CODE | |
| Language code of text/sound track or separate title | English |
| 082 ## - DEWEY DECIMAL CLASSIFICATION NUMBER | |
| Classification number | 320.954 |
| Item number | MIL-W |
| 100 ## - MAIN ENTRY--PERSONAL NAME | |
| Personal name | Vaishnav, Milan |
| 245 ## - TITLE STATEMENT | |
| Title | When crime pays : |
| Remainder of title | Money and muscle in Indian politics / |
| Statement of responsibility, etc. | by Milan Vaishnav |
| 260 ## - PUBLICATION, DISTRIBUTION, ETC. | |
| Place of publication, distribution, etc. | Gurugram : |
| Name of publisher, distributor, etc. | Harper Collins Publications , |
| Date of publication, distribution, etc. | 2018 . |
| 300 ## - PHYSICAL DESCRIPTION | |
| Extent | 410 p. |
| Other physical details | Paper Back |
| 650 ## - SUBJECT ADDED ENTRY--TOPICAL TERM | |
| Topical term or geographic name entry element | Political Science |
| 650 ## - SUBJECT ADDED ENTRY--TOPICAL TERM | |
| Topical term or geographic name entry element | India |
| 650 ## - SUBJECT ADDED ENTRY--TOPICAL TERM | |
| Topical term or geographic name entry element | Political corruption |
| 650 ## - SUBJECT ADDED ENTRY--TOPICAL TERM | |
| Topical term or geographic name entry element | Crime |
| 650 ## - SUBJECT ADDED ENTRY--TOPICAL TERM | |
| Topical term or geographic name entry element | Democracy |
| 650 ## - SUBJECT ADDED ENTRY--TOPICAL TERM | |
| Topical term or geographic name entry element | Election |
| 650 ## - SUBJECT ADDED ENTRY--TOPICAL TERM | |
| Topical term or geographic name entry element | Money and Politics |
| 942 ## - ADDED ENTRY ELEMENTS (KOHA) | |
| Koha item type | Books |
| 300 ## - PHYSICAL DESCRIPTION | |
| Dimensions | 24cm |
| 504 ## - BIBLIOGRAPHY, ETC. NOTE | |
| Bibliography, etc. note | Includes bibliographical references (pages 333-400) and index. |
| 505 ## - FORMATTED CONTENTS NOTE | |
| Formatted contents note | Lawmakers and lawbreakers : the puzzle of Indian democracy -- The rise of the rents Raj : India's corruption ecosystem -- Criminal enterprise : why criminals joined politics -- The costs of democracy : how money fuels muscle in elections -- Doing good by doing bad : the demand for criminality -- The salience of social divisions : how context shapes criminality -- Crime without punishment : from deep roots to proximate causes -- An entrenched marketplace : rethinking democratic accountability. |
| 942 ## - ADDED ENTRY ELEMENTS (KOHA) | |
| Source of classification or shelving scheme | Dewey Decimal Classification |
| 942 ## - ADDED ENTRY ELEMENTS (KOHA) | |
| Source of classification or shelving scheme | Dewey Decimal Classification |
| 942 ## - ADDED ENTRY ELEMENTS (KOHA) | |
| Source of classification or shelving scheme | Dewey Decimal Classification |
| Suppress in OPAC | No |
| Withdrawn status | Lost status | Source of classification or shelving scheme | Damaged status | Collection code | Not for loan | Home library | Current library | Shelving location | Date acquired | Cost, normal purchase price | Total Checkouts | Full call number | Barcode | Date last seen | Date last checked out | Price effective from | Koha item type |
|---|---|---|---|---|---|---|---|---|---|---|---|---|---|---|---|---|---|
| Dewey Decimal Classification | Political Science | ST. THOMAS COLLEGE LIBRARY, PALAI | ST. THOMAS COLLEGE LIBRARY, PALAI | Political Science | 2024-06-19 | 599.00 | 2 | 320.954 MIL-W | 91679 | 2024-10-21 | 2024-09-30 | 2024-06-19 | Books |
